000 00416nam a2200133Ia 4500
008 151001s9999||||xx |||||||||||||| ||und||
100 _a उन्मेष
245 _aतुमचे पौरोहित्य तुम्हीच करा
250 _a2
260 _bवेदवाणी प्रकाशन कोल्हापूर
260 _c1997
300 _a294
365 _b21
999 _c973592
_d973589